MotoGP - Tous les pilotes KTM (2017-2026) - Statistiques

Statistiques générales
  • Ce quiz a été pris 32 fois
  • Le résultat moyen est 19 sur 27
Statistiques - réponses
Année Pilote % Correct
2025 Pedro Acosta
100%
2026 Pedro Acosta
100%
2020 Brad Binder
97%
2021 Brad Binder
97%
2022 Brad Binder
97%
2023 Brad Binder
97%
2024 Brad Binder
97%
2025 Brad Binder
97%
2026 Brad Binder
97%
2023 Jack Miller
90%
2024 Jack Miller
90%
2017 Pol Espargaro
72%
2018 Pol Espargaro
72%
2019 Pol Espargaro
72%
2020 Pol Espargaro
72%
2024 Pol Espargaro
72%
2019 Johann Zarco
69%
2021 Miguel Oliveira
66%
2022 Miguel Oliveira
66%
2023 Dani Pedrosa
55%
2024 Dani Pedrosa
55%
2017 Bradley Smith
31%
2018 Bradley Smith
31%
2017 Mika Kallio
21%
2018 Mika Kallio
21%
2019 Mika Kallio
21%
2018 Loris Baz
7%
Aucun quiz correspondant
Distribution des résultats
% des personnes avec chaque résultat
Percentile par nombre de réponses
Votre historique - résultats
Vous n’avez pas pris ce quiz